Records NBA All-Star Game - Statistiques

Statistiques générales
  • Ce quiz a été pris 326 fois
  • Le résultat moyen est 5 sur 12
Statistiques - réponses
Questions Réponses % Correct
Plus de points marqué Lebron James
86%
Plus grand nombre de 3 points réussis Lebron James
86%
Plus grand nombre d'interceptions Michael Jordan
61%
Records de sélections Kareem Abdul-Jabbar
60%
Plus de rebonds Wilt Chamberlain
50%
Plus de points marqué sur un match Anthony Davis
35%
Plus de passes décisives Magic Johnson
30%
Plus grand nombre de points inscrits par une équipe (sans prolongation) 196
20%
Plus grand nombre de points inscrits par les deux équipe 374
14%
Plus de rebonds sur un match Bob Pettit
5%
Plus grand nombre de lancer francs réussis Elgin Baylor
3%
Plus grand nombre d'interceptions sur un match Rick Barry
2%
Aucun quiz correspondant
Distribution des résultats
% des personnes avec chaque résultat
Percentile par nombre de réponses
Votre historique - résultats
Vous n’avez pas pris ce quiz